000 01259nmc a2200421 a 4500
003 AR-BaBNM
005 20251128210004.0
008 148119s1990 ||||||||||||||000 | spa||
040 _cAR-BaBNM
245 1 0 _aPensamiento científico
_n2
250 _a1ª ed.
260 _aBuenos Aires
_bConicet
_c1990
300 _a212 p.
_bil., gráfs,
490 0 _aProciencia Conicet
500 _aEste material forma parte del Proyecto de Pensamiento Científico
650 4 _aEPISTEMOLOGIA
650 4 _aHISTORIA SOCIAL
650 4 _aSOCIOLOGIA
650 4 _aBIOLOGIA
650 4 _aEVOLUCION
650 4 _aMATEMATICA
650 4 _aGEOMETRIA
650 4 _aACTIVIDADES CIENTIFICAS
650 4 _aACTIVIDADES DE APRENDIZAJE
650 4 _aFORMACION DE DOCENTES
653 _aPENSAMIENTO CIENTIFICO
653 _aEDUCACION A DISTANCIA
700 1 _aBoido, Guillermo
700 1 _aDomenech, Graciela
700 1 _aEspejo, Adriana
700 1 _aFlichman, Eduardo H.
700 1 _aNillni, Nancy
700 1 _aOnna, Alberto
710 2 _aConsejo Nacional de Investigaciones Científicas y Técnicas [Argentina]
_9CONICET
_bPrograma Prociencia
710 2 _aArgentina
_bMinisterio de Cultura y Educación
942 _cBK
998 _cCarmen
999 _c13610
_d13610